Buslinie 80 - Leipzig - Statistiken

Allgemein
  • Dieses Quiz wurde 4 mal gespielt
  • Das Durchschnittsergebnis liegt bei 19 aus 31
Antwortstatistiken
Antwort Übergang % Korrekt
Am Viadukt 10, 11
100%
Annaberger Straße 10, 11
100%
Auensee
100%
Bremer Straße
100%
Delitzscher/Essener Straße 16, 85
100%
Gohlis-Nord, Virchowstraße 12, 85
100%
Landsberger/Max-Liebermann-Straße 4
100%
Mockau, Post 1, 9, 70, 84
100%
Möckernscher Markt 10, 11, 190
100%
Olbrichtstraße
100%
Sternsiedlung Nord 90
100%
Thekla 9, 79, 81, 82, 83
100%
Wahren 10, 11, 87, 88, 90, 91
100%
Am Sportpark
50%
Credéstraße 8, 15
50%
Demmeringstraße
50%
Dr.-Hermann-Duncker-Straße 60
50%
Franz-Mehring-Straße
50%
Lindenau, Bushof 8, 15, 60
50%
Merseburger/Schomburgkstraße 130, 131
50%
S-Bf Essener Straße 85, S2, S6
50%
S-Bf Leutzsch 7, S1
50%
S-Bf Slevogtstraße 90, S3
50%
Zschortauer Straße 85
50%
Ernst-Keil-Straße
0%
Komarowstraße 84
0%
Lise-Meitner-Straße
0%
Plaut-/Schomburgkstraße
0%
Rosenowstraße 70
0%
Simon-Bolivar-Straße 84
0%
Wittestraße
0%
Keine übereinstimmenden Quizze gefunden
Verteilung der Resultate
Anzahl Personen mit jedem Resultat
Perzentil nach korrekt beantworteten Fragen
Ihre Resultats-Entwicklung
Sie haben dieses Quiz noch nicht gespielt